| 000 | 00527nam a22001577a 4500 | ||
|---|---|---|---|
| 003 | OSt | ||
| 005 | 20241107090102.0 | ||
| 008 | 241107b |||||||| |||| 00| 0 eng d | ||
| 040 | _cCentral University Library | ||
| 245 | _aThe Ghana Law Reports 2001-02 Vol. 2 | ||
| 260 |
_aAccra, Ghana _bCouncil for Law Reports _c2006 |
||
| 300 |
_axxix, 644 pages _c23 cm |
||
| 500 | _aCases determined by the High Court, the Court of Appeal and the Supreme Court of the Republic of Ghana. | ||
| 650 |
_2Law Reports _xGhana |
||
| 942 |
_2lcc _cBK _n0 |
||
| 999 |
_c770 _d770 |
||